| 000 | 00452nam a2200157 i 4500 | ||
|---|---|---|---|
| 001 | 142442 | ||
| 003 | ES-MaACL | ||
| 005 | 20230906200525.0 | ||
| 007 | t| | ||
| 008 | 071005s1958 sp ||||1| spa d | ||
| 100 | 1 |
_aVillagómez, Alfonso. _9114924 |
|
| 245 | 1 | 1 |
_a"Los de abajo" _b: (poemas) / _cAlfonso Villagómez. |
| 260 |
_aOrense : _b[s.n.], _c1958 ( _fImpr. La Comercial) |
||
| 300 |
_a83 p. ; _c21 cm. |
||
| 852 |
_aES-MaACL _j2007-F-6 _bR.42826 |
||
| 999 |
_c142442 _d142442 |
||